• 首页
  • 本馆介绍
  • 公告通知
  • 最新文献
  • 馆藏检索
  • 电子资源
  • 读者导购
  • 参考咨询
  • 我的图书馆
  • 登录
  • 详细信息显示
  • 放入我的书架
  • 预约/预借图书
  • 作者相关作品
  • 分类相关作品
  • 丛书相关作品
  • 出版社相关作品

书目信息

  • 表格格式
  • 工作单格式
  • 卡片格式
题名:
跟稻盛和夫学经营
    
 
作者: 徐良 编著
分册:  
出版信息: 北京   北京工业大学出版社  2017
页数: 231页
开本: 24cm
丛书名:
单 册:
中图分类: F279.313.3
科图分类:
主题词:
电子资源:
ISBN: 978-7-5639-5674-6
000 00830nam0 2200217 450
001 012001003708
005 20140926114739.0
010    @a978-7-5639-5674-6@dCNY29.80
100    @a20180217d2017 em y0chiy50 ea
101 0  @achi
102    @aCN@b110000
105    @ay z 000yy
106    @ar
200 1  @a跟稻盛和夫学经营@9gen dao sheng he fu xue jing ying@f徐良编著
210    @a北京@c北京工业大学出版社@d2017
215    @a231页@d24cm
330    @a本书共分为十一章内容,每章一个主题,讲述了稻盛和夫在理念经营、目标经营、热情经营、勤奋经营、爱心经营、榜样经营、快乐经营、冒险经营、拓展经营等方面的经营理念和经营手法,介绍了稻盛和夫经营理念的独到之处,梳理了稻盛和夫一生中的重大事项。
690    @aF279.313.3@v5
701  0 @a徐良@9xu liang@4编著
801  0 @aCN@b上海新华@c20180901
905    @b1154738-42@dF279.313.3@e1571@f5
    
    跟稻盛和夫学经营/徐良编著.-北京:北京工业大学出版社,2017
    231页;24cm
    
    
    ISBN 978-7-5639-5674-6:CNY29.80
    本书共分为十一章内容,每章一个主题,讲述了稻盛和夫在理念经营、目标经营、热情经营、勤奋经营、爱心经营、榜样经营、快乐经营、冒险经营、拓展经营等方面的经营理念和经营手法,介绍了稻盛和夫经营理念的独到之处,梳理了稻盛和夫一生中的重大事项。
●
相关链接 在E读中查询图书 在五车中查询图书 在当当中查询图书 在豆瓣中查询图书


正题名:跟稻盛和夫学经营     索取号:F279.313.3/1571         预约/预借

序号 登录号 条形码 馆藏地/架位号 状态 备注
1 1154738   211547389   第一样本阅览室/ [索取号:F279.313.3/1571] 在馆    
2 1154739   211547398   密集书库-文学院/ [索取号:F279.313.3/1571] 在馆    
3 1154740   211547405   第一借阅区/ [索取号:F279.313.3/1571] 在馆    
4 1154741   211547414   第一借阅区/ [索取号:F279.313.3/1571] 在馆    
5 1154742   211547423   第一借阅区/ [索取号:F279.313.3/1571] 在馆    
唐山师范学院图书馆 欢迎您!
大连网信软件有限公司© 版权所有